[Event "ch-EU"]
[Site "Cork IRL"]
[Date "2005.03.31"]
[Round "10"]
[White "Ryan,Jo"]
[Black "Ziatdinov,R"]
[Result "0-1"]
[WhiteElo "2328"]
[BlackElo "2441"]

1.e4 c5 2.Nf3 Nc6 3.Nc3 e6 4.d4 cxd4 5.Nxd4 Qc7 6.g3 a6 7.Bg2 Nf6 8.O-O d6
9.a4 Bd7 10.Nxc6 Bxc6 11.a5 Be7 12.Be3 Rc8 13.Bb6 Qb8 14.Re1 O-O 15.Qd2 Nd7
16.Bd4 Rfd8 17.Na4 Bxa4 18.Rxa4 Qc7 19.Re2 Bf6 20.b3 Bxd4 21.Rxd4 Ne5 22.Ra4 h6
23.Ra2 Qb8 24.f4 Nc6 25.c3 b6 26.axb6 Qxb6+ 27.Re3 d5 28.exd5 Ne7 29.Qf2 Nxd5
30.Bxd5 Rxd5 31.b4 Rd1+ 32.Kg2 Rcd8 33.Rae2 Qd6 34.Qf3 g6 35.Qe4 Rc1 36.Qf3 Qc7
37.Ra2 Qc4 38.Qe2 Qd5+ 39.Kh3 Qf5+ 40.Qg4 Qb1 41.Rae2 Rd5 42.Re5 Rxe5 43.Rxe5 Rxc3
44.Rxe6 Rxg3+ 45.Qxg3 Qf5+ 46.Kg2 Qxe6 47.Qf3 Qc4 48.Qa8+ Kg7 49.Qb8 Qe4+
50.Kg3 Qe3+ 51.Kg2 h5 52.h4 Qe2+ 53.Kg1 Qg4+ 54.Kf2 Qxh4+ 55.Ke3 Qe1+ 56.Kf3 Qc3+
57.Ke4 h4 58.Qb7 h3 59.f5 h2 60.Kf4 Qc1+  0-1

[Event "ch-RUS w 1st League"]
[Site "Samara RUS"]
[Date "2005.03.31"]
[Round "9"]
[White "Bronnikova,E"]
[Black "Vasilevich,I"]
[Result "0-1"]
[WhiteElo "2234"]
[BlackElo "2292"]

1.e4 c5 2.Nf3 e6 3.d4 cxd4 4.Nxd4 Nc6 5.Nc3 Qc7 6.g3 a6 7.Bg2 Nf6 8.O-O Bc5
9.Nb3 Ba7 10.Kh1 d6 11.f4 h5 12.h3 Ng4 13.Qe2 b5 14.Bf3 Bb7 15.Kg2 Nf6 16.Be3 b4
17.Nd1 a5 18.Bxa7 Rxa7 19.Qe3 a4 20.Nd2 Ba6 21.Rf2 e5 22.fxe5 Nxe5 23.c4 h4
24.g4 O-O 25.Be2 Re8 26.g5 Nh7 27.Kh1 Qe7 28.Rg2 Rc7 29.b3 Ng6 30.Nf2 d5
31.Bh5 Qe5 32.Rf1 dxc4 33.Bxg6 fxg6 34.bxc4 Bxc4 35.Nxc4 Rxc4 36.Rg4 Qb5
37.Rb1 Rc2 38.Qd3 Qc5 39.Nd1 Rxa2 40.Qd7 Qe5 41.Qd5+ Qxd5 42.exd5 Re1+ 43.Rg1 Rxg1+
44.Kxg1 Nxg5 45.Kf1 b3 46.Nc3 Rh2  0-1

[Event "ch-RUS w 1st League"]
[Site "Samara RUS"]
[Date "2005.03.31"]
[Round "9"]
[White "Komiagina,M"]
[Black "Stepovaia Dianchenko,T"]
[Result "0-1"]
[WhiteElo "2312"]
[BlackElo "2348"]

1.e4 c5 2.Nf3 Nc6 3.d4 cxd4 4.Nxd4 e6 5.Nc3 Qc7 6.Be3 a6 7.Bd3 Nf6 8.O-O Nxd4
9.Bxd4 Bc5 10.Bxf6 gxf6 11.Qg4 Kf8 12.Kh1 h5 13.Qe2 b5 14.f4 Bb7 15.a3 h4
16.h3 Ke7 17.Qd2 Rag8 18.Be2 Qd6 19.Qe1 Rg3 20.Rd1 Qc7 21.Rd3 Be3 22.f5 Qe5
23.Bf3 Bb6 24.Qd2 Bc6 25.Nd5+ Bxd5 26.exd5 Qxf5 27.Be2 Qe5 28.d6+ Kf8 29.Bf3 Kg7
30.c3 Qg5 31.Qe2 Rc8 32.Bb7 Rc5 33.Rd4 Re5 34.Re4 Rxe4 35.Qxe4 f5 36.Qb4 Be3
37.a4 f4 38.axb5 axb5 39.Bf3 Qf5 40.Kh2 Qd3 41.Rd1 Qc2 42.Rf1 Qd3 43.Rd1 Qg6
44.Bg4 Qc2  0-1

[Event "Tch-CRO U20"]
[Site "Sv. Filip i Jakov CRO"]
[Date "2005.03.31"]
[Round "4"]
[White "Bazant,J"]
[Black "Bosiocic,Mari"]
[Result "0-1"]
[WhiteElo "2172"]
[BlackElo "2365"]

1.e4 c5 2.Nf3 e6 3.Nc3 Nc6 4.d4 cxd4 5.Nxd4 Qc7 6.g3 a6 7.Bg2 Nf6 8.O-O Bc5
9.Nxc6 dxc6 10.Qe2 e5 11.a4 a5 12.Bg5 Be7 13.f4 h6 14.Bh4 b6 15.Nd1 Ba6 16.c4 O-O-O
17.Kh1 Rd4 18.b3 exf4 19.gxf4 Nxe4 20.Bxe7 Qxe7 21.Nc3 f5 22.Qe3 c5 23.Rad1 Rhd8
24.Nd5 R8xd5 25.cxd5 Bxf1 26.Rxf1 Rxd5 27.Re1 Rd4 28.Kg1 Kb8 29.Qe2 Qh4 30.Rf1 Ka7
31.Qb5 Qe7 32.Re1 Kb7 33.Rc1 Qd7 34.Bxe4+ fxe4 35.Qxd7+ Rxd7 36.Re1 Rd4 37.Kf2 Kc6
38.Rg1 Kd5 39.Rxg7 Rd2+ 40.Ke3 Rd3+ 41.Ke2 Rxb3 42.Rd7+ Ke6 43.Rh7 Kf5 44.Rf7+ Kg4
45.f5 Kf4 46.f6 Ke5 47.Rf8 Ke6 48.h4 h5 49.Kd2 Rh3 50.Rb8 Kxf6 51.Rxb6+ Ke5
52.Rb5 Kd4 53.Rxa5 Rh2+ 54.Kd1 Rxh4 55.Ra8 e3 56.a5 Kd3 57.Rd8+ Rd4 58.Rc8 Ra4
59.Rd8+ Kc3 60.Ra8 h4  0-1

[Event "ch-FRA Top 16 GpA"]
[Site "Noyon FRA"]
[Date "2005.04.01"]
[Round "5"]
[White "Adams,Mi"]
[Black "Pelletier,Y"]
[Result "1/2-1/2"]
[WhiteElo "2741"]
[BlackElo "2604"]

1.e4 c5 2.Nf3 e6 3.d4 cxd4 4.Nxd4 Nc6 5.Nc3 Qc7 6.g3 d6 7.Ncb5 Qb8 8.c4 Nf6
9.Bg2 Nxd4 10.Nxd4 Be7 11.O-O O-O 12.b3 Rd8 13.Qe2 Bd7 14.a4 Be8 15.a5 Nd7
16.Rd1 Ne5 17.Bb2 Nc6 18.h4 Nxd4 19.Bxd4 e5 20.Be3 Bc6 21.b4 Bd7 22.b5 Be6
23.Kh2 Qc8 24.Rac1 Bg4 25.Bf3 Be6 26.Rd2 Rf8 27.Qd1 g6 28.h5 f6 29.Be2 Rf7
30.Rdc2 Qf8 31.Bg4 f5 32.Bh3 Qd8 33.exf5 gxf5 34.b6 axb6 35.Bxb6 Qd7 36.f4 Qc6
37.Qe2 e4 38.g4 fxg4 39.Bxg4 Bxg4 40.Qxg4+ Kh8 41.Rg2 Bf6 42.Rcg1 Qc8 43.h6 Re7
44.Rd1 Qxg4 45.Rxg4 Re6 46.Kg2 Bc3 47.Rc1 Bb2 48.Rb1 Bc3 49.Rb3 Ba1 50.f5 Rxh6
51.Be3 Rf6 52.Rxb7 h5 53.Rxe4 Rxf5 54.a6 Be5 55.Rxe5  1/2-1/2

[Event "It C"]
[Site "Dos Hermanas ESP"]
[Date "2005.04.02"]
[Round "2"]
[White "Escobar Dominguez,D"]
[Black "Ivanov,J"]
[Result "1/2-1/2"]
[WhiteElo "2351"]
[BlackElo "2350"]

1.e4 c5 2.Nf3 e6 3.d4 cxd4 4.Nxd4 Nc6 5.Nc3 Qc7 6.g3 a6 7.Bg2 Nf6 8.O-O h6
9.Re1 Nxd4 10.Qxd4 Bc5 11.Bf4 d6 12.Qd1 e5 13.Be3 Be6 14.Bxc5 Qxc5 15.Qd2 O-O
16.Na4 Qc6 17.b3 b5 18.Nb2 Rac8 19.Rac1 Qb6 20.Bf1 Rfd8 21.c4 b4 22.Nd3 a5
23.h3 Nd7 24.Kh2 Nc5 25.Qe3 a4 26.f4 exf4 27.gxf4 f5 28.Bg2 axb3 29.axb3 Qb8
30.exf5 Bxf5 31.Bd5+ Kh8 32.Nxc5 dxc5 33.Qg3 Qd6 34.Re5 Qf6 35.Rg1 Rc7 36.Rge1 Rf8
37.R1e2 Ra7 38.Bg2 Rc7 39.Qe3 Bh7 40.Rf2 g5 41.Rxc5 Re7 42.fxg5 Qxf2 43.Qxe7 Qf4+
44.Kg1 Qc1+ 45.Kh2 Qf4+  1/2-1/2

[Event "Bundesliga 2005-6"]
[Site "Muelheim GER"]
[Date "2005.04.02"]
[Round "15"]
[White "Wegener,O"]
[Black "Ernst,S"]
[Result "1/2-1/2"]
[WhiteElo "2404"]
[BlackElo "2478"]

1.e4 c5 2.Nf3 e6 3.d4 cxd4 4.Nxd4 Nc6 5.Nc3 a6 6.Be3 Nf6 7.Bd3 Qc7 8.Qe2 Ne5
9.f4 Neg4 10.Bd2 e5 11.Nd5 Nxd5 12.exd5 d6 13.O-O-O Nf6 14.Nf3 Nxd5  1/2-1/2

[Event "3rd ch-GER Internet Blitz Candidates"]
[Site "playchess INT"]
[Date "2005.04.02"]
[Round "6"]
[White "Heimann,A"]
[Black "Lentrodt,T"]
[Result "0-1"]
[WhiteElo "2095"]
[BlackElo "2292"]

1.e4 c5 2.Nc3 e6 3.Nge2 Nc6 4.d4 cxd4 5.Nxd4 Nf6 6.Nxc6 bxc6 7.e5 Nd5 8.Ne4 f5
9.exf6 Nxf6 10.Nd6+ Bxd6 11.Qxd6 Qe7 12.Bf4 Qxd6 13.Bxd6 Ne4 14.Ba3 d5 15.f3 Nf6
16.O-O-O Kf7 17.Bd3 e5 18.Rhe1 Re8 19.Bd6 e4 20.fxe4 Nxe4 21.Bxe4 dxe4 22.Rd4 Bf5
23.h3 h5 24.Rf1 Ke6 25.Bh2 Rad8 26.Rfd1 Rxd4 27.Rxd4 e3 28.Kd1 Kf7 29.Ra4 e2+
30.Ke1 Bxc2 31.Rxa7+ Kg6 32.Rc7 Be4 33.Kxe2 Bxg2+ 34.Kf2 Bxh3 35.Rxc6+ Be6
36.a4 Kf5 37.a5 g5 38.a6 Bd5 39.Rc5 Ke4 40.b4 Rf8+ 41.Kg1 h4 42.b5 g4 43.b6 g3
44.b7 Bxb7 45.axb7 Rb8 46.Rc8 Rxb7 47.Bxg3 Rg7 48.Rc3 Rxg3+ 49.Rxg3 hxg3
50.Kg2 Kf4 51.Kg1 Kg4 52.Kg2 Kh4 53.Kg1 Kh3 54.Kh1 Kg4 55.Kg2 Kf4  0-1

[Event "It C"]
[Site "Dos Hermanas ESP"]
[Date "2005.04.04"]
[Round "4"]
[White "Fernandez Garcia,Jo"]
[Black "Ivanov,J"]
[Result "1/2-1/2"]
[WhiteElo "2468"]
[BlackElo "2350"]

1.e4 c5 2.Nf3 e6 3.d4 cxd4 4.Nxd4 Nc6 5.Nc3 Qc7 6.Be2 Nf6 7.O-O Be7 8.Be3 O-O
9.f4 d6 10.Kh1 Nxd4 11.Qxd4 e5 12.Qd3 b6 13.Rad1 Bb7 14.Nb5 Qc6 15.Nxd6 Bxd6
16.Qxd6 Qxe4 17.Bf3 Qxe3 18.Bxb7 Rab8 19.fxe5 Ng4 20.Qd4 Rxb7 21.Qxg4 Qxe5
22.Qd4 Qxd4 23.Rxd4 Re7  1/2-1/2

[Event "7th UI&UL GM"]
[Site "Dhaka BAN"]
[Date "2005.04.05"]
[Round "1"]
[White "Pg,MOAHirawan"]
[Black "Pogorelov,R"]
[Result "1-0"]
[WhiteElo "2230"]
[BlackElo "2448"]

1.e4 c5 2.Nf3 e6 3.d4 cxd4 4.Nxd4 Nc6 5.Nc3 Qc7 6.Nb3 a6 7.Bd3 Nf6 8.O-O Be7
9.f4 d6 10.Be3 b5 11.Qf3 Bb7 12.a4 b4 13.Ne2 e5 14.a5 O-O 15.Ng3 exf4 16.Bb6 Qd7
17.Nf5 Ne5 18.Qxf4 Ng6 19.Qf3 Rfc8 20.Bd4 Ne5 21.Qg3 g6 22.Nc5 dxc5 23.Bxe5 Bd8
24.Nh6+ Kg7 25.Rxf6 Bxf6 26.Bxf6+ Kf8 27.Rf1 Bxe4 28.Qf4 Qd5 29.Bc4 Qxc4
30.Qd6+  1-0

[Event "7th UI&UL GM"]
[Site "Dhaka BAN"]
[Date "2005.04.06"]
[Round "2"]
[White "Abu Sufian,S"]
[Black "Murshed,N"]
[Result "1-0"]
[WhiteElo "2233"]
[BlackElo "2487"]

1.e4 c5 2.Nf3 e6 3.d4 cxd4 4.Nxd4 Nc6 5.Nc3 Qc7 6.Be2 a6 7.O-O Nf6 8.Be3 Bb4
9.Na4 Be7 10.Nxc6 bxc6 11.Nb6 Rb8 12.Nxc8 Qxc8 13.Bd4 Qc7 14.e5 Nd5 15.c4 Nf4
16.Bf3 O-O 17.Re1 Ng6 18.c5 f6 19.exf6 Bxf6 20.Be4 Nf4 21.Bxf6 Rxf6 22.Qc2 Rh6
23.g3 Nh3+ 24.Kg2 Rf8 25.f4 Qd8 26.Rf1 Qe8 27.Qe2 a5 28.Rad1 Rf7 29.Rd6 Qb8
30.Qd2 Qb5 31.Rc1 Qa4 32.Rd4 Qb5 33.Bd3 Qb8 34.Rd6 Qd8 35.Rf1 Qf6 36.b3 g6
37.f5 gxf5 38.Rxf5 exf5 39.Rxf6 Rfxf6 40.Bc4+ Kf8 41.Qxd7  1-0

[Event "7th Open"]
[Site "Dubai UAE"]
[Date "2005.04.06"]
[Round "3"]
[White "Ramesh,R"]
[Black "Zhang Pengxiang"]
[Result "0-1"]
[WhiteElo "2466"]
[BlackElo "2583"]

1.e4 c5 2.Nf3 Nc6 3.Nc3 e6 4.d4 cxd4 5.Nxd4 Qc7 6.Be3 a6 7.Qd2 Nf6 8.O-O-O Bb4
9.f3 O-O 10.a3 Be7 11.g4 b5 12.g5 Nh5 13.Nxc6 dxc6 14.f4 Rd8 15.Qf2 Rxd1+
16.Nxd1 e5 17.f5 Nf4 18.h4 c5 19.Bxf4 exf4 20.Nc3 Bb7 21.Nd5 Bxd5 22.exd5 c4
23.Bg2 Bc5 24.Qf3 Re8 25.g6 Qe5 26.d6 Bxd6 27.Qd5 Qxd5 28.Bxd5 hxg6 29.fxg6 Kf8
30.gxf7 Re5 31.Rd1 Be7 32.Bf3 Bxh4 33.Rd5 Re3 34.Bh5 Rg3 35.Rd6 f3 36.Rxa6 g6
37.Bxf3 Rxf3 38.Rxg6 Bf6 39.c3 Kxf7 40.Rg4 Ke6 41.Rg8 Be5 42.Ra8 Rf1+ 43.Kc2 Bf4
44.b3 Rf2+ 45.Kb1 cxb3  0-1

[Event "2nd Magistral"]
[Site "Carilo ESP"]
[Date "2005.04.07"]
[Round "5"]
[White "El Debs,F"]
[Black "Dos Santos,F"]
[Result "1-0"]
[WhiteElo "2341"]
[BlackElo "2209"]

1.e4 c5 2.Nf3 e6 3.Nc3 Nc6 4.d4 cxd4 5.Nxd4 Qc7 6.Be3 a6 7.Be2 Bb4 8.O-O Nf6
9.Na4 b5 10.Nxc6 Qxc6 11.Nb6 Rb8 12.e5 Ng8 13.Bf3 Qc7 14.Qd4 Ba5 15.Na8 Rxa8
16.Bxa8 Ne7 17.Qc5 Nf5 18.c3 Nxe3 19.Qxe3 Bb6 20.Qe2 O-O 21.a4 f6 22.exf6 Rxf6
23.axb5 d5 24.bxa6 Rh6 25.g3 Qf7 26.a7 Qf5 27.Bxd5 Bxa7 28.Rxa7 exd5 29.Qe8+ Qf8
30.Re1 Rf6 31.Ree7  1-0

[Event "7th Open"]
[Site "Dubai UAE"]
[Date "2005.04.07"]
[Round "4"]
[White "Zhang Zhong"]
[Black "Kunte,A"]
[Result "1-0"]
[WhiteElo "2599"]
[BlackElo "2561"]

1.e4 c5 2.Nf3 e6 3.d4 cxd4 4.Nxd4 Nc6 5.Nc3 d6 6.Be2 Nf6 7.Be3 Be7 8.Qd2 a6
9.O-O-O O-O 10.f4 Nd7 11.Bf3 Rb8 12.Nce2 Qa5 13.Nxc6 Qxd2+ 14.Rxd2 bxc6 15.Rhd1 Bb7
16.Rxd6 Bxd6 17.Rxd6 Rbd8 18.e5 Nb8 19.Bc5 Rxd6 20.Bxd6 Rc8 21.c4 a5 22.Nd4 Na6
23.a3 h6 24.Kd2 Ba8 25.c5 g5 26.f5 exf5 27.Nxf5 Re8 28.Nxh6+ Kh7 29.Nxf7 Kg6
30.Bg4 Bb7 31.e6 Kf6 32.Ne5 Rxe6 33.Bxe6 Kxe6 34.Nc4  1-0

[Event "1st ch-SCG"]
[Site "Kopaonik SCG"]
[Date "2005.04.07"]
[Round "6"]
[White "Perunovic,Mil"]
[Black "Ivanisevic,I"]
[Result "1-0"]
[WhiteElo "2549"]
[BlackElo "2542"]

1.e4 c5 2.Nf3 e6 3.d4 cxd4 4.Nxd4 Nc6 5.Nc3 Qc7 6.Be2 a6 7.O-O Nf6 8.Be3 Bb4
9.Na4 O-O 10.Nxc6 bxc6 11.Nb6 Rb8 12.Nxc8 Rfxc8 13.Bxa6 Rf8 14.Bd3 Bd6 15.f4 e5
16.b3 exf4 17.Bd4 f3 18.e5 f2+ 19.Rxf2 Bxe5 20.Bxe5 Qxe5 21.Rf1 h5 22.h3 d5
23.Qf3 Ne4 24.Qf4 Qd4+ 25.Kh2 Rbe8 26.a4 Re6 27.a5 g5 28.Qc7 g4 29.Bxe4 dxe4
30.a6 gxh3 31.a7 hxg2 32.Rg1 e3 33.Ra4 Qc5 34.a8=Q e2 35.Qaa5  1-0

[Event "7th UI&UL GM"]
[Site "Dhaka BAN"]
[Date "2005.04.08"]
[Round "4"]
[White "Uddin,S"]
[Black "Shamima,A"]
[Result "1/2-1/2"]
[WhiteElo "2205"]
[BlackElo "2061"]

1.e4 c5 2.Nf3 e6 3.d4 cxd4 4.Nxd4 Nc6 5.Nc3 a6 6.Nxc6 bxc6 7.Bd3 d5 8.O-O Qc7
9.Qe2 Bb7 10.Na4 Nf6 11.e5 Nd7 12.f4 Be7 13.c4 d4 14.Bd2 a5 15.b3 g6 16.Rae1 Nb8
17.Rf3 Na6 18.Be4 Nc5 19.Nxc5 Bxc5 20.Kh1 Be7 21.Rh3 c5 22.Qf3 Bxe4 23.Rxe4 Qb7
24.a4 Bd8 25.Kg1 Qc6 26.g4 Rb8 27.Re3 Kd7 28.Qxc6+ Kxc6 29.Rd3 Bc7 30.Kf2 Rbf8
31.Kf3 f5 32.exf6 Rxf6 33.Ke4 Rf7 34.Rh4 Rhf8 35.g5 Re8 36.Rf3 Ree7 37.Rh6 Rf5
38.h4 e5 39.h5 exf4+ 40.Kd3 Rxg5 41.hxg6 hxg6 42.Bxf4 Bxf4 43.Rxf4 Rg3+ 44.Kd2 Re6
45.Rf7 d3 46.Rh2 Rd6 47.Ra7 Kb6 48.Ra8 Rd7 49.Rf2 Rg1 50.Rb8+ Kc7 51.Rb5 Rb1
52.Rxc5+ Kd8 53.Rf6 Rb2+ 54.Ke1 Rxb3 55.Rd5 Rxd5 56.cxd5 g5 57.Rg6 Ra3 58.Rxg5 Kd7  1/2-1/2

[Event "7th UI&UL GM"]
[Site "Dhaka BAN"]
[Date "2005.04.08"]
[Round "5"]
[White "Mohammad,J"]
[Black "Chowdhury,So"]
[Result "1-0"]
[WhiteElo "2186"]
[BlackElo "2163"]

1.e4 c5 2.Nf3 e6 3.d4 cxd4 4.Nxd4 Nc6 5.Nc3 Qc7 6.Be3 a6 7.Qd2 Nf6 8.f3 b5
9.O-O-O Ne5 10.Kb1 Be7 11.g4 Nc4 12.Bxc4 Qxc4 13.g5 Nh5 14.f4 Bb4 15.Nde2 O-O
16.a3 Bxc3 17.Nxc3 b4 18.axb4 Qxb4 19.Qd6 Qb7 20.Bc5 Re8 21.Rhe1 a5 22.Re3 Qb8
23.e5 Qxd6 24.Bxd6 Bb7 25.Nb5 Nxf4 26.Nc7 Nd5 27.Rb3 Nxc7 28.Rxb7 Nd5 29.Rxd7 a4
30.Rf1 Ne3 31.Rfxf7 Nf5 32.c4 Rec8 33.c5 a3 34.bxa3 Rxa3 35.c6 Nxd6 36.Rxg7+ Kh8
37.Rxh7+ Kg8 38.exd6 Rxc6 39.Rdg7+ Kf8 40.Rb7 Kg8  1-0

[Event "1st ch-SCG"]
[Site "Kopaonik SCG"]
[Date "2005.04.08"]
[Round "7"]
[White "Kovacevic,A"]
[Black "Damljanovic,B"]
[Result "1/2-1/2"]
[WhiteElo "2550"]
[BlackElo "2588"]

1.e4 c5 2.Nf3 Nc6 3.d4 cxd4 4.Nxd4 e6 5.Nc3 Qc7 6.Be2 a6 7.O-O Nf6 8.Be3 Be7
9.f4 d6 10.Qe1 O-O 11.Qg3 Nxd4 12.Bxd4 b5 13.a3 Bb7 14.Kh1 Bc6 15.Rae1 Rae8
16.Bf3 g6 17.e5 Nd7 18.Bxc6 Qxc6 19.Ne4 f5 20.Nxd6 Bxd6 21.exd6 Qxd6 22.Qe3 Qc6
23.Rd1 Rf7 24.Bc3 Qc5 25.Qf3 Nf6 26.Bxf6 Rxf6 27.Qb7 Qc8 28.Qxc8 Rxc8 29.c3 Rc6
30.Rd7 Rf7 31.Rfd1 Rc4 32.R7d4 Re7 33.Kg1 Rc5 34.Kf2 Kf7 35.Kf3 e5 36.fxe5 Rcxe5
37.R1d2 g5 38.a4 bxa4 39.Rxa4 R7e6 40.Rad4  1/2-1/2

[Event "It C"]
[Site "Dos Hermanas ESP"]
[Date "2005.04.09"]
[Round "9"]
[White "Barrero Garcia,C"]
[Black "Razmyslov,A"]
[Result "1/2-1/2"]
[WhiteElo "2337"]
[BlackElo "2325"]

1.e4 c5 2.Nf3 Nc6 3.Nc3 e6 4.d4 cxd4 5.Nxd4 Qc7 6.Be2 a6 7.O-O Nf6 8.Be3 Bb4
9.Na4 b5 10.Nxc6 dxc6 11.Nb6 Rb8 12.Nxc8 Rxc8 13.h3 O-O 14.c4 Bd6 15.Qc2 Bf4
16.Bd4 Nd7 17.a3  1/2-1/2

[Event "ch-RUS u18"]
[Site "Nojabrsk RUS"]
[Date "2005.04.09"]
[Round "4"]
[White "Ivanov,Al3"]
[Black "Garakov,M"]
[Result "0-1"]
[WhiteElo "2303"]
[BlackElo "2359"]

1.e4 c5 2.Nf3 e6 3.d4 cxd4 4.Nxd4 Nc6 5.Nc3 Qc7 6.Be3 a6 7.Qd2 Nf6 8.f3 Bb4
9.O-O-O Ne5 10.Nb3 Be7 11.Bd4 d6 12.Qf2 b5 13.g4 O-O 14.g5 Nfd7 15.h4 b4
16.Ne2 Bb7 17.Kb1 Rfc8 18.Rc1 a5 19.Nd2 d5 20.Bg2 dxe4 21.fxe4 a4 22.Rhf1 Bc5
23.h5 Bxd4 24.Nxd4 Ba6 25.Ne2 Nc5 26.Nf4 a3 27.b3 Rab8 28.g6 Rd8 29.gxf7+ Nxf7
30.Qe3 Qe5 31.c3 Nd3 32.Nxd3 Rxd3 33.Qe2 Rxc3 34.Qxa6 Rxc1+ 35.Kxc1 Rc8+
36.Nc4 Rxc4+  0-1

[Event "Bundesliga 2004-5"]
[Site "Hamburg GER"]
[Date "2005.04.10"]
[Round "15"]
[White "Heinemann,T"]
[Black "Rudolf,Hen"]
[Result "1/2-1/2"]
[WhiteElo "2453"]
[BlackElo "2319"]

1.e4 c5 2.Nf3 e6 3.d4 cxd4 4.Nxd4 Nc6 5.Nc3 Qc7 6.f4 Nxd4 7.Qxd4 a6 8.a4 b6
9.Be3 Bb7 10.Be2 Nf6 11.O-O Bc5 12.Qd3 O-O 13.e5 Nd5 14.Nxd5 Bxd5 15.c3  1/2-1/2

[Event "ch-RUS u18"]
[Site "Nojabrsk RUS"]
[Date "2005.04.10"]
[Round "5"]
[White "Romanov,E"]
[Black "Vitiugov,N"]
[Result "1/2-1/2"]
[WhiteElo "2437"]
[BlackElo "2482"]

1.e4 c5 2.Nf3 e6 3.d4 cxd4 4.Nxd4 Nc6 5.Nc3 Qc7 6.Be3 Nf6 7.Qd2 Bb4 8.f3 Nxd4
9.Bxd4 e5 10.Bf2 d6 11.Bb5+ Bd7 12.Bxd7+ Nxd7 13.O-O Bxc3 14.bxc3 Nb6 15.a4 O-O
16.a5 Nc4 17.Qd5 b6 18.axb6 Nxb6 19.Qa5 Rfc8 20.Rfd1 h6 21.Bxb6 Qxb6+ 22.Qxb6 axb6
23.Rxa8 Rxa8 24.Rxd6 Ra1+ 25.Kf2 Ra2 26.Rd2  1/2-1/2

[Event "ch-RUS u18"]
[Site "Nojabrsk RUS"]
[Date "2005.04.11"]
[Round "6"]
[White "Ivanov,Al3"]
[Black "Krutko,A"]
[Result "1-0"]
[WhiteElo "2303"]
[BlackElo "2358"]

1.e4 c5 2.Nf3 e6 3.d4 cxd4 4.Nxd4 Nc6 5.Nc3 Qc7 6.Be3 Nf6 7.Qd2 a6 8.f3 b5
9.O-O-O Bb7 10.g4 h6 11.h4 Nxd4 12.Bxd4 e5 13.Qh2 Bd6 14.Be3 Bc5 15.Qf2 Bxe3+
16.Qxe3 Rc8 17.Bd3 b4 18.Ne2 d5 19.g5 d4 20.Qd2 Nd7 21.Qxb4 Nc5 22.Qd2 Qb6
23.Kb1 Rb8 24.b3 a5 25.gxh6 gxh6 26.Ka1 Ke7 27.Ng3 Bc8 28.f4 a4 29.Bc4 Be6
30.Nf5+ Kf8 31.Bxe6 fxe6  1-0

[Event "ch-RUS u18"]
[Site "Nojabrsk RUS"]
[Date "2005.04.12"]
[Round "7"]
[White "Musaev,M"]
[Black "Demin,V1"]
[Result "0-1"]
[WhiteElo "2192"]
[BlackElo "2358"]

1.e4 c5 2.Nf3 e6 3.d4 cxd4 4.Nxd4 Nc6 5.Nc3 Qc7 6.Be3 a6 7.Bd3 Nf6 8.O-O Ne5
9.h3 Bc5 10.Qd2 d6 11.Rfe1 Bd7 12.f4 Ng6 13.Kh1 O-O 14.Nf3 Nh5 15.Ne2 e5
16.f5 Bxe3 17.Qxe3 Ngf4 18.Kh2 Nxe2 19.Rxe2 Nf4 20.Rd2 d5 21.g3 Nxd3 22.cxd3 d4
23.Qf2 f6 24.Rc2 Qa5 25.a3 Ba4 26.Qd2 Qxd2+ 27.Rxd2 Rac8 28.Kg2 Rc7 29.Kf2 Rfc8
30.Re1 Bb3 31.g4 Kf7 32.h4 Rc1 33.Rxc1 Rxc1  0-1

[Event "ch-CUB GpA"]
[Site "Santa Clara CUB"]
[Date "2005.04.12"]
[Round "6"]
[White "Quezada,Y"]
[Black "Perez,Lu"]
[Result "1-0"]
[WhiteElo "2502"]
[BlackElo "2420"]

1.e4 c5 2.Nf3 Nc6 3.d4 cxd4 4.Nxd4 e6 5.Nc3 Qc7 6.Be3 Nf6 7.f3 a6 8.Qd2 b5
9.O-O-O b4 10.Na4 Ne5 11.Nb3 Rb8 12.Bc5 Bxc5 13.Naxc5 d5 14.Qg5 O-O 15.f4 Ned7
16.e5 h6 17.Qh4 Nxc5 18.exf6 Nxb3+ 19.axb3 Qd8 20.g4 Qxf6 21.g5 Qe7 22.Rg1 Bd7
23.Bd3 f5 24.Qh3 Kh7 25.Rde1 Qd6 26.Qh4 Bb5 27.gxh6 gxh6 28.Re3 e5 29.Rxe5 Bxd3
30.Re7+ Kh8 31.Rgg7  1-0

[Event "ch-RUS u18"]
[Site "Nojabrsk RUS"]
[Date "2005.04.13"]
[Round "8"]
[White "Reshetnikov,A"]
[Black "Vitiugov,N"]
[Result "1/2-1/2"]
[WhiteElo "2355"]
[BlackElo "2482"]

1.e4 c5 2.Nf3 e6 3.d4 cxd4 4.Nxd4 Nc6 5.Nc3 Qc7 6.Be3 Nf6 7.Bd3 a6 8.O-O Bd6
9.f4 Bc5 10.Nf5 Ne7 11.Nxg7+ Kf8 12.Bxc5 Qxc5+ 13.Kh1 Kxg7 14.e5 Ne8 15.Ne4 Qc7
16.Qh5 Ng6 17.Nf6 Qd8 18.f5 exf5 19.Qxf5  1/2-1/2

[Event "3 Arrows Cup"]
[Site "Jinan CHN"]
[Date "2005.04.14"]
[Round "1"]
[White "Andriasian,S"]
[Black "Skripchenko,A"]
[Result "0-1"]
[WhiteElo "2263"]
[BlackElo "2453"]

1.e4 c5 2.Nc3 e6 3.Nf3 Nc6 4.d4 cxd4 5.Nxd4 Qc7 6.g3 a6 7.Bg2 Nf6 8.O-O Bc5
9.Nb3 Ba7 10.Bg5 d6 11.Bxf6 gxf6 12.Qd2 h5 13.Rad1 Ke7 14.h4 Bd7 15.Ne2 Ne5
16.Nbd4 Rag8 17.c3 b5 18.Nf4 Kf8 19.Qe2 Ng4 20.Nc2 Qc5 21.Nd3 Qb6 22.Kh1 Ke7
23.Nd4 a5 24.Nf4 Qb8 25.Bf3 b4 26.Qa6 Bxd4 27.cxd4 Bb5 28.Qxa5 Bxf1 29.Rxf1 Qb7
30.Qa4 f5 31.Qc2 Nf6 32.Re1 fxe4 33.Bg2 Rc8 34.Qe2 d5 35.f3 b3 36.axb3 Qxb3
37.Qa6 Ra8 38.Qf1 Rad8 39.fxe4 dxe4 40.Qf2 Ng4 41.Qg1 Qxg3  0-1

[Event "1st ch-SCG"]
[Site "Kopaonik SCG"]
[Date "2005.04.14"]
[Round "12"]
[White "Todorovic,GM"]
[Black "Pavlovic,Mi1"]
[Result "1/2-1/2"]
[WhiteElo "2511"]
[BlackElo "2475"]

1.e4 c5 2.Nf3 e6 3.Nc3 Nc6 4.d4 cxd4 5.Nxd4 Nf6 6.Ndb5 d6 7.Bf4 e5 8.Bg5 a6
9.Na3 b5 10.Bxf6 gxf6 11.Nd5 f5 12.g3 fxe4 13.Bg2 Bg7 14.Bxe4 Be6 15.c3 O-O
16.Ne3 Qd7 17.Qf3 Rac8 18.Nf5 Ne7 19.Nxe7+ Qxe7 20.Nc2 f5 21.Bd5 e4 22.Bxe6+ Qxe6
23.Qe3 Qc4 24.Qd2 Qd3 25.Qxd3 exd3 26.Nb4 Rfe8+ 27.Kd1 d5 28.Re1 Red8 29.Nxd3 d4
30.Kc2 dxc3 31.b4 Rc4 32.Rad1 Ra8 33.a3 a5 34.Ra1 Rd4 35.f4 Re4 36.Ne5 Bxe5
37.fxe5 axb4 38.axb4 Rxa1 39.Rxa1 Rxb4 40.Kxc3 Re4 41.Rf1  1/2-1/2

[Event "Heroes of Chernobyl Mem"]
[Site "Slavutich UKR"]
[Date "2005.04.15"]
[Round "2"]
[White "Savinov,Vl"]
[Black "Chokhonelidze,G"]
[Result "1/2-1/2"]
[WhiteElo "2407"]
[BlackElo "2311"]

1.e4 c5 2.Nf3 e6 3.d4 cxd4 4.Nxd4 Nc6 5.Nc3 Qc7 6.Be3 a6 7.Bd3 Nf6 8.O-O Bd6
9.f4 Bc5 10.Nf5 Bxe3+ 11.Nxe3 Qb6 12.Qd2 Ng4 13.Rae1 Nxe3 14.Qxe3 Qxb2 15.Nd5 O-O
16.Nb6 Rb8 17.Nc4 Qd4 18.Qxd4 Nxd4 19.Nd6 b5 20.c3 Nc6 21.Rb1 f6 22.Rfd1  1/2-1/2

[Event "Extraliga CZE 2004-5"]
[Site "Czech Rep CZE"]
[Date "2005.04.16"]
[Round "10"]
[White "Murdzia,P"]
[Black "Laznicka,V"]
[Result "1/2-1/2"]
[WhiteElo "2458"]
[BlackElo "2480"]

1.e4 c5 2.Nf3 Nc6 3.Nc3 e6 4.d4 cxd4 5.Nxd4 a6 6.g3 Qc7 7.Bg2 Nf6 8.O-O Nxd4
9.Qxd4 Bc5 10.Bf4 d6 11.Qd2 h6 12.Rad1 e5 13.Be3 Be6 14.Bxc5 dxc5 15.Nd5 Bxd5
16.exd5 Qd6 17.f4 O-O 18.fxe5 Qxe5 19.d6 Qxb2 20.c4 Qxd2 21.Rxd2 Rab8 22.a4 Rfd8
23.Rb1 Nd7 24.Rxb7 Rxb7 25.Bxb7 Ne5 26.Rd5 Nxc4 27.Bxa6 Nxd6 28.a5 Kf8 29.Bf1 Nb7
30.Rxd8+ Nxd8 31.Bg2 Ne6 32.a6 Nc7 33.a7 Ke7 34.Kf2 Kd6 35.Ke3 c4 36.a8=Q Nxa8
37.Bxa8 Ke5 38.Bc6 f5 39.Bb5 c3 40.Ba4 g5 41.Bd1 f4+ 42.Kd3 fxg3 43.hxg3 Kf5
44.Bh5 g4 45.Kxc3 Kg5 46.Be8 h5 47.Bxh5 Kxh5 48.Kd4 Kh6 49.Ke4 Kg7 50.Kf5 Kf7
51.Kxg4 Kg6 52.Kf4 Kf6 53.g4 Kg6 54.g5  1/2-1/2

[Event "Extraliga CZE 2004-5"]
[Site "Czech Rep CZE"]
[Date "2005.04.16"]
[Round "10"]
[White "Bolacky,J"]
[Black "Chloupek,S"]
[Result "1/2-1/2"]
[WhiteElo "2252"]
[BlackElo "2340"]

1.e4 c5 2.Nf3 e6 3.d4 cxd4 4.Nxd4 Nc6 5.Nc3 Qc7 6.g3 a6 7.Bg2 Nf6 8.O-O d6
9.Re1 Nd7 10.b3 Be7 11.Bb2 O-O 12.Na4 Nxd4 13.Bxd4 e5 14.Be3 b5 15.Nb2 Nf6
16.Qd3 Be6 17.c4 bxc4 18.Nxc4 Bxc4 19.Qxc4 Qxc4 20.bxc4 Rfc8 21.Rec1 Rab8
22.Rc2 h6 23.Rac1 Rc7 24.f3 Nd7 25.Bh3 Nc5 26.Bxc5 Rxc5 27.Rd1 Rb4 28.Bf1 Rb6
29.Rd5  1/2-1/2

[Event "Torch Real Estate Cup"]
[Site "Jinan CHN"]
[Date "2005.04.20"]
[Round "1"]
[White "Wen Yang"]
[Black "Wang Rui"]
[Result "1-0"]
[WhiteElo "2327"]
[BlackElo "2457"]

1.e4 c5 2.Nf3 e6 3.d4 cxd4 4.Nxd4 Nc6 5.Nc3 Qc7 6.Be2 Nf6 7.O-O a6 8.Be3 Be7
9.f4 d6 10.Kh1 O-O 11.a4 Re8 12.Bf3 Rb8 13.g4 Nxd4 14.Bxd4 e5 15.fxe5 dxe5
16.Ba7 Ra8 17.g5 Rd8 18.Qe2 Ne8 19.Be3 Be6 20.Bg4 Bc4 21.Qf2 Qc6 22.b3 Bxf1
23.Rxf1 f6 24.Nd5 Rxd5 25.exd5 Qxd5+ 26.Bf3 e4 27.Be2 Rc8 28.c4 Qe5 29.Qf5 Qxf5
30.Rxf5 fxg5 31.Re5 Bf6 32.Rxe4 Nd6 33.Bg4 Rc6 34.Be6+ Kf8 35.Rg4 h6 36.b4 Rc7
37.Bd5 h5 38.Rg1 Nxc4 39.Bc5+ Be7 40.Rf1+ Ke8 41.Bxc4 Bxc5 42.bxc5 Rxc5 43.Bf7+ Ke7
44.Bxh5 b5 45.Rf7+ Ke6 46.Rxg7 bxa4 47.Rg6+ Kf5 48.Rxa6 Rc1+ 49.Kg2 Ra1 50.Bg6+ Kf4
51.Rf6+ Kg4 52.h3+ Kh4 53.Bc2 g4 54.Rf4 a3 55.Rxg4+ Kh5 56.Bb3 Rb1 57.Bf7+ Kh6
58.Ra4 Kg7 59.Ra7 Kf6 60.Bh5 Ra1 61.Bf3 Ke5 62.Ra5+ Kf4 63.Ra4+ Ke5 64.Kf2 Kf5
65.h4 Kf6 66.h5 Kg5 67.Rg4+ Kf6 68.Ra4 a2 69.Ra6+ Kg5 70.h6 Rb1 71.h7 Rb8
72.Be4 Kf4 73.Bc2 Kg5 74.Rxa2 Kh6 75.Ra7  1-0